Punny Businesses! Quiz Stats

Quiz Updated Mar 1, 2016

Challenge
Share
Tweet
Embed
Score 0/22 Timer 05:00
3 Plays Today
% Correct
Homes
98.3%
Pork
98.2%
Grapes
96.6%
Lord
93.6%
Spex
93.5%
Thai
93.4%
Life
92.2%
Pan
91.6%
Happy
90.9%
Tequila
90.8%
Groom
90.5%
% Correct
India
89.7%
Attraction
86.8%
Fidler
86.5%
Father
86.4%
Poppins
85.6%
Fiction
84.4%
Citizen
83.7%
Jean-Claude
83.5%
Walkens
83.2%
Nemo
83.1%
Austin
78.5%

You're not logged in!

Compare scores with friends on all Sporcle quizzes.
Sign Up with Email
OR
Log In

You Might Also Like...

Show Comments

Extras

Top Quizzes Today


Score Distribution

Your Account Isn't Verified!

In order to create a playlist on Sporcle, you need to verify the email address you used during registration. Go to your Sporcle Settings to finish the process.